| 000 | 01510nam a22003137a 4500 | ||
|---|---|---|---|
| 999 |
_c23417 _d23417 |
||
| 003 | AR-CdUCM | ||
| 008 | 251217b2021 pe ||||| |||| 00| 0 spa d | ||
| 040 |
_aMUNICIPALIDAD PROVINCIAL DEL CUSCO _cBIBLIOTECA MUNICIPAL DEL CUSCO |
||
| 041 | _hspa | ||
| 082 |
_a333.92 / _bG55 |
||
| 100 |
_aGobierno Regional Cusco. _951912 |
||
| 245 |
_aPlan de Investigación área de Influencia / _bÁrea de Conservación Regional Choquequirao. |
||
| 260 |
_aCusco _bGobierno Regional Cusco. _c2021 |
||
| 300 |
_a167 páginas. : _c21 x 28 cm. |
||
| 500 | _zPáginas 135 al 143. | ||
| 505 | _aAspectos Generales -- Alcances y Objetivos -- Ubicación -- El clima y el entorno natural -- Metodología -- Prioridades de Investigación -- Ponderación ante la necesidad de información -- Herramientas para la toma de decisiones -- Actores clave para la investigación -- Lineamientos para el plan de investigación -- Promoción de la Investigación en el ACR -- Limitaciones para la implementación del plan -- Financiamientos.... | ||
| 650 |
_aNormatividad vigente _951734 |
||
| 650 |
_aDecreto supremo _951735 |
||
| 650 |
_aObjetivos Específicos _99065 |
||
| 650 |
_aUbicación Geopolítica _951736 |
||
| 650 |
_aSectores _951737 |
||
| 650 |
_aLinea Base _951738 |
||
| 650 |
_aDeterminación taxonómica _951739 |
||
| 650 |
_aComponente Físico, Biológico _951740 |
||
| 650 |
_aOrden de Investigación _951741 |
||
| 650 |
_aDecisiones Intuitivas _951742 |
||
| 942 |
_2ddc _cLIBROS |
||
| 945 |
_ajmcs _d17/12/2025 |
||